Statistics for Mindy Kaling Filmography

Click here to take the quiz!

General Stats

  • This quiz has been taken 6 times
    (3 since last reset)
  • The average score is 4 of 26

Answer Stats

Type Year Name % Correct
TV Show2005-2013The Office
100%
TV Show2012-2017The Mindy Project
100%
Creator2020Never Have I Ever
67%
Creator2019Four Weddings and a Funeral
33%
Film2018Ocean's 8
33%
Film2018A Wrinkle in Time
33%
Film2005The 40-Year-Old Virgin
33%
Short Film2015Riley's First Date?
0%
Film2019Late Night
0%
TV Show2018It's Always Sunny in Philadelphia
0%
TV Show2018Champions
0%
TV Show2017Animals
0%
Film2015The Night Before
0%
TV Show2015The Muppets
0%
Theater2003-2004Matt & Ben
0%
Film2015Inside Out
0%
Film2013This Is the End
0%
Film2012Wreck-It Ralph
0%
Film2012The Five-Year Engagement
0%
Film2011No Strings Attached
0%
Film2010Despicable Me
0%
Film2009Night at the Museum: Battle of the Smithsonian
0%
Film2007License to Wed
0%
Film2006Unaccompanied Minors
0%
TV Show2005Curb Your Enthusiasm
0%
TV Show2014Sesame Street
0%

Score Distribution

Percentile by Number Answered

Percent of People with Each Score

Your Score History

You have not taken this quiz since the last reset